1584 1126 1837 1774 1735 1604 1883 1679 1086 1656 1970 1046 1034 1716 1669 1640 1897 1860 1630 1174 1573 1301 1005 1907 1662 1180 1529 1716 1590 1867 1060 1511 1272 1690 1004 1267 1642 1032 1547 1739 1502 1840 1146 1594 1988 1996 1967 1004 1877 1140 1557 1458 1976 1846 1430 1732 1503 1963 1127 1386 1016 1162 1888 1220 1861 1646 1769 1617 1595 1268 1046 1957 1571 1199 1475 1814 1967 1473 1141 1618 1055 1420 1368 1569 1499 1988 1837 1095 1862 1106 1881 1827 1895 1702 1994 1038 1584 1873 1494 BCNSPRNW ULIB Ver.6.0+V

เปลี่ยนเป็นภาษาไทย

Change to English
 แสดงรายละเอียดบรรณานุกรม
  กลับหน้าหลัก

Brief Record : Get Marc (ISO 2709) : E-mail record : QR code < ปิดหน้าต่าง
LEADER : 00000nam 2200000uu 4500
001    13399121886
003     ULIB
008    121212s2547||||th 000 0 tha d
020    ^a9749773039
060  4 ^aWO500^bท184ศ ล.27
100 0  ทวี รัตนชูเอก
245 00 ^aศัลยศาสตร์วิวัฒน์ 27 :^bComplicated problems in HBP Surgery /^cบรรณาธิการ, ทวี รัตนชูเอก, กวิญ ลีละวัฒน์,วิทูร ชินสว่างวัฒนกุล,วิบุล สัจกุล, ไพศาล พงศ์ชัยฤกษ์
246 30 ^aComplicated problems in HBP Surgery.
260    ^aกรุงเทพฯ :^bกรุงเทพเวชสาร,^c2547.
300    ^aก-ซ, 501 หน้า :^bภาพประกอบ,^c22 ซม.
650  7 ^aศัลยศาสตร์ลำไส้ใหญ่โคลอน
650  7 ^aศัลยศาสตร์
653    ^aผลงานอาจารย์คณะแพทยศาสตร์ศิริราชพยาบาล
700 0  กวิญ ลีละวัฒน์,^eบรรณาธิการ
700 0  วิทูร ชินสว่างวัฒนกุล,^eบรรณาธิการ
700 0  วิบุล สัจกุล,^eบรรณาธิการ
700 0  ไพศาล พงศ์ชัยฤกษ์,^eบรรณาธิการ
852    ^aพยาบาลศาสตร์.
945    ^p380^l0^i13314
945    ^p380^l0^i13315
945    ^p380^l0^i13316
945    ^p380^l0^i13317
945    ^p380^l0^i13318
999    ^aทศพร เกษรทอง
รายการนี้ยังไม่มีแท็ก
คุณยังไม่ได้ล็อกอิน คุณสามารถมีกิจกรรมร่วมกับเว็บไซต์ได้ แต่ต้องล็อกอินก่อน ::
  ล็อกอิน

รายการสื่อสารสนเทศ

ลำดับที่ ประเภท เลขเรียก/บาร์โค้ด สถานที่ สถานะ
1. วิทยาศาสตร์การแพทย์ และสุขภาพ
วิทยาศาสตร์การแพทย์ และสุขภาพ
WO500 ท184ศ ล.27 ฉ.1 
  Barcode: 13314
ห้องสมุดวิทยาเขตสวรรค์ประชารักษ์
►หนังสือทั่วไป
บนชั้น
2. วิทยาศาสตร์การแพทย์ และสุขภาพ
วิทยาศาสตร์การแพทย์ และสุขภาพ
WO500 ท184ศ ล.27 ฉ.2 
  Barcode: 13315
ห้องสมุดวิทยาเขตสวรรค์ประชารักษ์
►หนังสือทั่วไป
บนชั้น
3. วิทยาศาสตร์การแพทย์ และสุขภาพ
วิทยาศาสตร์การแพทย์ และสุขภาพ
WO500 ท184ศ ล.27 ฉ.3 
  Barcode: 13316
ห้องสมุดวิทยาเขตสวรรค์ประชารักษ์
►หนังสือทั่วไป
บนชั้น
4. วิทยาศาสตร์การแพทย์ และสุขภาพ
วิทยาศาสตร์การแพทย์ และสุขภาพ
WO500 ท184ศ ล.27 ฉ.4 
  Barcode: 13317
ห้องสมุดวิทยาเขตสวรรค์ประชารักษ์
►หนังสือทั่วไป
บนชั้น
5. วิทยาศาสตร์การแพทย์ และสุขภาพ
วิทยาศาสตร์การแพทย์ และสุขภาพ
WO500 ท184ศ ล.27 ฉ.5 
  Barcode: 13318
ห้องสมุดวิทยาเขตสวรรค์ประชารักษ์
►หนังสือทั่วไป
บนชั้น

รายการใกล้เคียง
    ผู้แต่ง [ทวี รัตนชูเอก]

    หัวเรื่อง [ศัลยศาสตร์ลำไส้ใหญ่โคลอน]
    หัวเรื่อง [ศัลยศาสตร์]

BibComment


ยังไม่เคยถูกคอมเมนท์

คอมเมนท์ทรัพยากรรายการนี้
  คอมเมนท์: ศัลยศาสตร์วิวัฒน..


 Copyright 2026. Bcnsprnw @Library